| 000 | 00867nam a2200253 a 4500 | ||
|---|---|---|---|
| 001 | 000034958 | ||
| 003 | DO-SdBNP | ||
| 005 | 20231121103105.0 | ||
| 008 | 110222s1973 mx r 000 0 spa d | ||
| 020 | _z9682310202 | ||
| 040 |
_aDO-SdBNP _bspa _cBNPHU |
||
| 082 | 4 |
_a330.98 _bG152v, 1973 _222 |
|
| 100 | 1 |
_aGaleano, Eduardo H., _d1940- _923356 |
|
| 245 | 1 | 0 |
_aLas venas abiertas de América Latina / _cEduardo Galeano. |
| 250 | _a4a. ed. | ||
| 260 |
_aMéxico : _bSiglo Veintiuno, _c1973. |
||
| 300 |
_a426 p. ; _c18 cm. |
||
| 500 | _aIncluye referencias bibliográficas y notas al pie de las páginas | ||
| 651 | 4 |
_aAmérica Latina _xCondiciones económicas _xHistoria _99446 |
|
| 651 | 4 |
_aAmérica Latina _xCondiciones sociales _xHistoria _960549 |
|
| 651 | 4 |
_aAmérica Latina _xHistoria _91786 |
|
| 910 | _aValidado. Control de calidad MFF | ||
| 942 |
_2ddc _cLBS1 |
||
| 999 |
_c34449 _d34449 |
||